| 000 | 00494nam a22001697a 4500 | ||
|---|---|---|---|
| 008 | 230331b |||||||| |||| 00| 0 eng d | ||
| 040 |
_aNational Science Library _cNational Science Library |
||
| 080 |
_aD 778.6:77.041 _bK2 |
||
| 100 |
_aBomback, Edward S _95928 |
||
| 245 | _aPortraits in colour | ||
| 260 |
_aLondon: _bFountain Press, _c1962 |
||
| 300 | _a94p. | ||
| 490 | _aFountain photobook series | ||
| 650 | _aColour portraits | ||
| 653 | _aGood portraiture | ||
| 942 |
_2udc _cBK |
||
| 999 |
_c17088 _d17088 |
||